000 01120nam a22002657a 4500
005 20170124102925.0
010 _aA-167882
020 _c4.00
035 _aA-167882
037 _bCen Lib/Ret
040 _aDPL
_bHN
082 _a850.8
_bहरब
100 _aहरबंस सिंह
_92125
245 _aभाई वीर सिंह /
_cहरबंस सिंह; अनुवादक प्रदीप मांडव
246 _aBhai vir singh /
_bby Harbans Singh; anuvadak Pradeep Mandav
260 _aनयी दिल्ली
_bसाहित्य अकादेमी
_c1982
270 _bनयी दिल्ली
_aरबिन्द्र भवन, ३५, फ़िरोज़शाह मार्ग
_e110001
300 _a68पृ.
_c19सेमी(सजिल्द)
650 _aपंजाबी साहित्य
_943274
650 _aजीवनी
_9102
650 _aPanjabi literature
_943275
650 _aBiographies
_9618
700 _aमांडव, प्रदीप
_943249
942 _2ddc
_cHN
_h850.8
_mहरब
999 _c111515
_d111515